| 000 | 00360nam a22001457a 4500 | ||
|---|---|---|---|
| 008 | 210311b ||||| |||| 00| 0 eng d | ||
| 020 | _a2906661584522 | ||
| 041 | _aeng | ||
| 080 |
_24th _a004 |
||
| 082 | _a004 | ||
| 100 | _a28 | ||
| 101 | _aSHKI | ||
| 245 |
_aHealth Information Management Technology: An Applied Approach _cSayles, N. B |
||
| 942 |
_2udc _cBK |
||
| 999 |
_c56408 _d56408 |
||